Guia do espaço (Registo nº 3063)

Detalhes MARC
000 -Etiqueta do registo
Cabeçalho 00718nam a22002411 4500
005 - Identificador da versão
Campo de controlo 20240828125237.0
010 ## - Número internacional normalizado dos livros (ISBN)
Número (ISBN) 9722616404
100 ## - Dados gerais de processamento
Dados gerais de processamento 20040316d1999 da y0pory500305 ba
101 1# - Língua de publicação
Língua do texto, banda sonora, etc. Português
Língua do documento no original Inglês
102 ## - Pais de publicação ou produção
País de publicação Portugal
106 ## - Campo de dados codificados: material textual
Dados codificados do material textual r
200 1# - Titulo e menção de responsabilidade
Título próprio Guia do espaço
Informação de outro título uma reportagem fotográfica do universo
Primeira menção de responsabilidade Peter Bond
Outras menções de responsabilidade trad. Mafalda Morais Marques
210 ## - Publicação, Distribuição, etc. 
Lugar da edição, distribuição, etc. Porto
Nome do editor, distribuidor, etc. Civilização
Data da publicação, distribuição, etc. cop. 1999
215 ## - Descrição física 
Indicação específica da natureza do documento e extensão da espécie 64 p.
Outras indicações físicas il.
Dimensões 36 cm
304 ## - Notas relativas a título e menção de responsabilidade 
Texto da nota Tít. orig.: Guide to space
327 1# - Nota de conteúdo 
Texto da nota Últimas fotografias do Hubble
606 ## - Nome comum usado como assunto
Número de registo de entrada de autoridade 0002229
Palavra de ordem Ciências exactas
Subdivisão de assunto Astronomia
675 ## - Classificação Decimal Universal (CDU)
Notação 52
Edição
Língua da edição por
700 #1 - Nome de autor-pessoa física (responsabilidade principal)
Número de registo de entrada de autoridade 0002243
Palavra de ordem Bond
Outra parte do nome não tomada para palavra de ordem Peter
702 #1 - Nome de autor-pessoa física (responsabilidade secundária)
Número de registo de entrada de autoridade 0002244
Palavra de ordem Marques
Outra parte do nome não tomada para palavra de ordem Mafalda Morais
Código de função Tradutor
942 ## - Elementos de entrada adicionados (Koha)
Tipo de item no Koha Livro
Exemplares
Situação do levantamento Origin of item (home branch) (coded) Biblioteca de empréstimo Código de barras Cota Circulation type (not for loan) Tipo de documento Nota do exemplar Damaged status
  Biblioteca Escolar da Coca Maravilhas Biblioteca Escolar da Coca Maravilhas BECM6490/04 5AST BON   Livro Sem mensagem